Statistics for Night Visions (Deluxe) Track List - Imagine Dragons

Click here to take the quiz!

General Stats

  • This quiz has been taken 4 times
  • The average score is 16 of 22

Answer Stats

Track #Song Name% Correct
01Radioactive
100%
05On Top of the World
100%
11Nothing Left to Say / Rocks
100%
18America
100%
03It's Time
100%
04Demons
100%
06Amsterdam
75%
07Hear Me
75%
08Every Night
75%
09Bleeding Out
75%
19Selene
75%
02Tiptoe
75%
13Working Man
75%
15My Fault
75%
17The River
75%
10Underdog
75%
21I Don't Mind
50%
20Cover Up
50%
12Cha Ching (Till We Grow Older)
50%
16Round and Round
50%
14Fallen
25%
22Tokyo
25%

Score Distribution

Percentile by Number Answered

Percent of People with Each Score

Your Score History

You have not taken this quiz